General Knowledge #4 - Statistics

General Stats
  • This quiz has been taken 38 times
  • The average score is 6 of 12
Answer Stats
Hint Answer % Correct
Who discovered the principle of pasteurisation? Louis Pasteur
86%
Who allegedly fiddled whilst Rome burned? Nero
81%
Who wrote the book Les Miserables? Victor Hugo
72%
What is the largest landlocked country in the world? Kazakhstan
67%
In which country might I find the city of Jeddah? Saudi Arabia
67%
Who is the most successful football club in Scotland? Rangers
53%
What is the main ingredient in the soup borscht? Beetroot
42%
Who released the song Walk on the Wild Side in 1972? Lou Reed
42%
What was John Wayne's birth name ? (first name) Marion
36%
The series Twin Peaks was directed by whom? David Lynch
31%
The Continuation War was fought against The Soviet Union by Germany and what other nation? Finland
28%
What is the highest mountain in Germany? Zugspitze
11%
No matching quizzes found
Score Distribution
Percent of People with Each Score
Percentile by Number Answered
Your Score History
You have not taken this quiz